Exercise in mathematical physics (Record no. 1402)

MARC details
000 -LEADER
fixed length control field 00813 a2200205 4500
008 - FIXED-LENGTH DATA ELEMENTS--GENERAL INFORMATION
fixed length control field 080822t xxu||||| |||| 00| 0 eng d
010 ## - LIBRARY OF CONGRESS CONTROL NUMBER
LC control number ENG-85120
020 ## - INTERNATIONAL STANDARD BOOK NUMBER
International Standard Book Number 81886899889
Terms of availability 395.00
035 ## - SYSTEM CONTROL NUMBER
System control number EN-68653
037 ## - SOURCE OF ACQUISITION
Source of stock number/acquisition D.B.Act / Pub
082 ## - DEWEY DECIMAL CLASSIFICATION NUMBER
Classification number 530.15
100 ## - MAIN ENTRY--PERSONAL NAME
Personal name Lianshou, Liu
245 ## - TITLE STATEMENT
Title Exercise in mathematical physics
Remainder of title by Liu, Lianshou and Wang Zhengqing
260 ## - PUBLICATION, DISTRIBUTION, ETC. (IMPRINT)
Place of publication, distribution, etc New Delhi
Name of publisher, distributor, etc Overseas Press India
Date of publication, distribution, etc 2007
270 ## - ADDRESS
Address 7/28, Ansari Road, Darya Ganj
City New Delhi
Postal code 110 002
Electronic mail address overseas@de13.vsnl.nic.in
300 ## - PHYSICAL DESCRIPTION
Extent 320p.
Other physical details 22cm. (Pbk)
700 ## - ADDED ENTRY--PERSONAL NAME
Personal name Zhengqing, Wang
942 ## - ADDED ENTRY ELEMENTS (KOHA)
Institution code [OBSOLETE] dpl
Koha item type English Books
Call number prefix 530.15 / LIA
Source of classification or shelving scheme Dewey Decimal Classification
Classification part 530.15
Call number suffix LIA
Holdings
Withdrawn status Lost status Damaged status Not for loan Home library Current library Date acquired Cost, normal purchase price Total Checkouts Full call number Barcode Date last seen Copy number Uniform Resource Identifier Cost, replacement price Price effective from Koha item type
        D.B.Act.Division D.B.Act.Division 22/08/2008 395.00   530.15 LIA EN-68653 15/09/2008 1 1473 395.00 15/09/2008 English Books

© Delhi Public Library
Hit Counter
free hit counter